Growth strategies

Bibliographic Details
Previous Title:Future scan
Format: Electronic Journal
Language:English
Published: Santa Monica : FutureScan, 1998-
Subjects:
Online Access:Full text available from Research Library: 07/06/1998 to present

MARC

LEADER 00000nas a2200000 i 4500
001 ssj0001362157
003 WaSeSS
005 20200512172242.0
006 m d
007 cr n
008 060630c19989999cau r pos 0 a0eng d
035 |a (WaSeSS)ssj0001362157 
040 |a WaSeSS  |b eng  |c WaSeSS  |d WaSeSS 
050 4 |a CB158 
130 0 |a Growth strategies (Santa Monica, Calif.) 
245 1 0 |a Growth strategies  |h [electronic resource]. 
260 |a Santa Monica :  |b FutureScan,  |c 1998- 
310 |a Monthly 
506 |a License restrictions may limit access. 
515 |a Continues the numbering of Future scan (Santa Monica, Calif.). 
588 |a Description based on: Jul 6, 1998; (890); title from table of contents page (ProQuest, viewed Nov. 14, 2014).  
588 |a Latest issue consulted: Sep 2014; (1089) (viewed Nov. 14, 2014). 
650 0 |a Forecasting  |v Periodicals. 
650 0 |a Technological forecasting  |v Periodicals. 
655 0 |a Electronic journals. 
776 0 8 |i Print version:   |t Growth strategies (Santa Monica, Calif.) 
780 0 0 |t Future scan 
856 4 0 |z Full text available from Research Library: 07/06/1998 to present  |u https://search.proquest.com/publication/33325